000 00595nam a2200229Ia 4500
003 OSt
005 20220924144445.0
006 a|||||r|||| 00| 0
007 ta
008 220923b |||||||| |||| 00| 0 urd d
024 _a314599
037 _cTextual
040 _aARTS
_cARTS
_burd
041 _2urd
_aurd
082 _aO168,1N21x, P8
100 _aMohammad Rizwan Nadvi
_9217658
245 0 _aKalam-e-Quazi Jalal Haripuri
260 _c2008
650 _aURDU POETRY
942 _hO168,1N21x, P8
_cTEXL
_2CC
999 _c457121
_d457121